| 000 | 01145nam0a22002531 4500 | ||
|---|---|---|---|
| 001 | rc\359448 | ||
| 005 | 20030307123209.8 | ||
| 035 | _a(NLR Aleph) 005584999 | ||
| 090 |
_a6152228 _c6152227 |
||
| 100 | _a20030307d1989 u |0rusy50 ca | ||
| 101 | 0 | _arus | |
| 102 | _aRU | ||
| 105 | _aa ||||||||| | ||
| 200 | 1 |
_aУСТОЙЧИВОСТЬ по Ляпунову _eМетод. разраб. для студентов II курса энерг., мех., электрофиз. фак. и фак. радиоэлектрон. _fМ-во нар. образования МССР, Кишин. политехн. ин-т им. С. Лазо. Каф. высш. математики - 1 _g[Сост. А.Н. Косачева и др.] |
|
| 210 |
_aКишинев _cКПИ _d1989 |
||
| 215 |
_a40 с. _cил. _d20 |
||
| 320 | _aБиблиогр.: с. 39 | ||
| 702 | 1 |
_aКосачева _bА. Н. _gАлла Николаевна _4220 |
|
| 712 | 0 | 2 |
_aКишиневский политехнический ин-т им. С.Лазо _3RU\NLR\AUTH\889933778 |
| 801 | 0 |
_aRU _bNLR _gpsbo |
|
| 801 | 1 |
_aRU _bELAR _2rusmarc |
|
| 852 |
_aNLR _j89-4/21919 |
||
| 942 | _cBOOK | ||
| 980 | _aNB | ||